000 01066nam a2200289 i 4500
001 82083
003 ES-MaACL
005 20230906174603.0
007 t|
008 041122s2001 sp |||| |dspa d
020 _a84-245-0896-3
080 _a821.134.2 Alas, Leopoldo 2.07
080 _a929 Alas, Leopoldo:32
080 _a929 Alas, Leopoldo:308
100 1 _aMartínez-Otero Pérez, Valentín.
_978300
245 1 3 _aEl pensamiento político y social de Clarín a través de sus cuentos
_b: valor educativo de la narrativa breve clariniana /
_cValetín Martínez-Otero Pérez.
250 _a1ª ed.
260 _aMadrid :
_bFundamentos,
_c2001.
300 _a158 p. ;
_c21 cm.
490 1 _aEspiral hispano-americana ;
_v47
600 1 4 _aAlas, Leopoldo,
_d1852-1901-
_xCuento
_919155
600 1 7 _aAlas, Leopoldo,
_d1852-1901-
_xPensamiento político
_2
_9143033
600 1 4 _aAlas, Leopoldo,
_d1852-1901-
_xPensamiento social
_919156
830 1 _aEspiral hispano-americana ;
_v47
_9179379
852 _aES-MaACL
_jL-28511
999 _c82083
_d82083